| 000 | 00678nam a2200205 i 4500 | ||
|---|---|---|---|
| 001 | 97323 | ||
| 003 | ES-MaACL | ||
| 005 | 20230906182100.0 | ||
| 007 | t| | ||
| 008 | 050711s1964 sp ||||1| spa d | ||
| 100 | 1 |
_aMarc, André. _976345 |
|
| 245 | 1 | 0 |
_aDialéctica de la afirmación _b: ensayo de metafísica refexiva / _cAndré Marc S.I.; [versión castellana de Salvador Caballero]. |
| 260 |
_aMadrid : _bGredos, _c1964. |
||
| 300 |
_a2 v. ; _c20 cm. |
||
| 490 | 1 | _aBiblioteca hispánica de filosofía | |
| 700 | 1 |
_aCaballero, Salvador. _933091 |
|
| 830 | 0 |
_aBiblioteca hispánica de filosofía _9181000 |
|
| 852 |
_aES-MaACL _jC-26202-3 _bR.55100 |
||
| 999 |
_c97323 _d97323 |
||